Zlepšenie stavu verejných financií a daň z finančných transakcií
Článok sa zaoberá legislatívnymi zmenami, ktoré súvisia s prijatou konsolidáciou verejných financií. Kľúčové novinky zahŕňajú zvýšenie základnej sadzby DPH na 23 % a zavedenie znížených sadzieb 19 % a 5 %, čo má za cieľ zlepšiť finančnú stabilitu štátu. Taktiež sa upravujú sadzby dane z príjmu, vrát...
Na minha lista:
| Autor principal: | |
|---|---|
| Formato: | Capítulo de Livro |
| Idioma: | eslovaco |
| Assuntos: | |
| Tags: |
Sem tags, seja o primeiro a adicionar uma tag!
|
MARC
| LEADER | 00000naa a2200000 4500 | ||
|---|---|---|---|
| 001 | 0306666 | ||
| 005 | 20250204121839.0 | ||
| 041 | 0 | |a slo | |
| 044 | |a SK | ||
| 245 | 1 | 0 | |a Zlepšenie stavu verejných financií a daň z finančných transakcií |c Nadežda Cígerová |
| 520 | |a Článok sa zaoberá legislatívnymi zmenami, ktoré súvisia s prijatou konsolidáciou verejných financií. Kľúčové novinky zahŕňajú zvýšenie základnej sadzby DPH na 23 % a zavedenie znížených sadzieb 19 % a 5 %, čo má za cieľ zlepšiť finančnú stabilitu štátu. Taktiež sa upravujú sadzby dane z príjmu, vrátane zvýšenej sadzby 24 % pre veľké firmy a znížených sadzieb pre menších podnikateľov. Článok je praktickým sprievodcom pre podnikateľov a odborníkov v oblasti účtovníctva, pretože poskytuje detailný prehľad o zmenách a ich aplikáciách v praxi, vrátane konkrétnych príkladov na daňové situácie. | ||
| 610 | 2 | 0 | |a konsolidácia |
| 610 | 2 | 0 | |a financie verejné |
| 610 | 2 | 0 | |a legislatíva |
| 610 | 2 | 0 | |a dane |
| 610 | 2 | 0 | |a banky |
| 610 | 2 | 0 | |a financie |
| 100 | 1 | |a Cígerová, Nadežda | |